[Event "45th Olympiad 2024"]
[Site "Budapest HUN"]
[Date "2024.09.14"]
[Round "4.2"]
[Board "2"]
[White "Lodici, Lorenzo"]
[Black "Leko, Peter"]
[Result "1-0"]
[WhiteElo "2556"]
[BlackElo "2666"]
[PlyCount "145"]
[EventDate "2024.09.11"]
[WhiteTeam "Italy"]
[BlackTeam "Hungary"]
[WhiteTeamCountry "ITA"]
[BlackTeamCountry "HUN"]

1. e4 e5 2. Nf3 Nc6 3. Bc4 Bc5 4. d3 Nf6 5. Bg5 h6 6. Bh4 d6 7. c3 a5 8. Nbd2 Ba7 9. O-O g5 10. Bg3 O-O 11. Re1 Nh7 12. h3 ({RR} 12. Qc2 Kh8 13. d4 g4 14. Nh4 exd4 15. e5 dxc3 16. bxc3 dxe5 17. Rxe5 Qf6 18. Re2 Bd7 19. Rae1 Bb6 20. Bd3 Ng5 21. Nc4 Rae8 22. Rxe8 Rxe8 23. Rxe8+ Bxe8 24. Nxb6 cxb6 25. Bf5 h5 26. h3 Ne7 {1-0 Paszewski,M (2349)-Yaniv,Y (2335) SixDays Budapest Jun GM A 2024 (1.1)}) 12... h5 13. d4 Qf6 14. Be2 $146 ({RR} 14. dxe5 dxe5 15. Bb5 g4 16. hxg4 hxg4 17. Nh2 Qg5 18. Bxc6 bxc6 19. Nc4 Rd8 20. Qa4 Nf6 21. Qxc6 Be6 22. Ne3 Nh5 23. Nhf1 Bb6 24. Rad1 Nxg3 25. Nxg3 Bxe3 26. fxe3 Rxd1 27. Qxa8+ Kg7 28. Nh5+ Qxh5 {½-½ Erigaisi,A (2701)-So,W (2766) Airthings Masters Div 1 L 2023 (3.2)}) ({RR} 14. Bb5 h4 15. Bh2 g4 16. hxg4 Bxg4 17. Bxc6 bxc6 18. Qa4 h3 19. Bg3 Qh6 20. gxh3 Qxh3 21. Re3 Bd7 22. Nxe5 dxe5 23. Bxe5 Qh5 24. Rg3+ Bg4 25. Qd1 {1-0 Anand,V (2751)-Radjabov,T (2753) Norway Chess Armageddon 10th rapid 2022 (7)}) 14... Qg7 15. dxe5 dxe5 16. Nc4 Nf6 17. Nfd2 g4 18. h4 Re8 19. Qc2 Qg6 20. Bd3 Be6 21. Ne3 Bxe3 22. Rxe3 Nd7 23. f3 gxf3 24. Rxf3 Nf6 25. Nc4 Ng4 26. Raf1 Rad8 27. Qe2 Qh6 28. Be1 Qg7 29. Ne3 Nxe3 30. Qxe3 Rd6 31. Rg3 Bg4 32. Be2 Rg6 33. Bxg4 Rxg4 34. Rxg4 hxg4 35. h5 Re6 36. Bh4 f6 37. Qe2 Rd6 38. Kh2 Nd8 39. Kg3 Nf7 40. Qxg4 Nh6 41. Qxg7+ Kxg7 42. Kf3 a4 43. Rf2 c5 44. g4 Nf7 45. c4 Nh6 46. g5 fxg5 47. Bxg5 Rd3+ 48. Ke2 Rh3 49. Bf6+ Kh7 50. Bxe5 Rxh5 51. Bd6 Kg6 52. Rf8 Nf7 53. Bf4 Rh4 54. Kf3 Rh3+ 55. Kg4 Rd3 56. Rg8+ Kf6 57. Re8 Rd4 58. e5+ Kg6 59. Re6+ Kg7 60. Kf5 Kf8 61. Rf6 Ke8 62. e6 Nd6+ 63. Bxd6 Rxd6 64. Rh6 Rd4 65. Rh8+ Ke7 66. Rh7+ Ke8 67. b3 a3 68. Rxb7 Rd2 69. Kf6 Rf2+ 70. Ke5 Rxa2 71. Kd6 Rd2+ 72. Kxc5 a2 73. Ra7 1-0

[Event "45th Olympiad 2024"]
[Site "Budapest HUN"]
[Date "2024.09.14"]
[Round "4.2"]
[Board "3"]
[White "Sjugirov, Sanan"]
[Black "Sonis, Francesco"]
[Result "1-0"]
[WhiteElo "2644"]
[BlackElo "2554"]
[PlyCount "41"]
[EventDate "2024.09.11"]
[WhiteTeam "Hungary"]
[BlackTeam "Italy"]
[WhiteTeamCountry "HUN"]
[BlackTeamCountry "ITA"]

1. e4 c5 2. Nf3 d6 3. d4 cxd4 4. Nxd4 Nf6 5. Nc3 a6 6. Bd3 g6 7. f3 Nc6 8. Be3 Bg7 9. Qd2 O-O 10. O-O-O Bd7 11. Kb1 b5 12. Nxc6 Bxc6 13. Bh6 b4 14. Ne2 Qa5 15. h4 Bxh6 $146 ({RR} 15... Qc5 16. h5 Bb5 17. hxg6 fxg6 18. Bxg7 Kxg7 19. Nf4 Qe5 20. Nd5 Bxd3 21. cxd3 Nxd5 22. Qh6+ Kf7 23. Qxh7+ Qg7 24. exd5 Rh8 25. Qxg7+ Kxg7 26. Kc2 Rhc8+ 27. Kb3 Rc5 28. Rhe1 Ra7 29. Re4 a5 30. d4 {½-½ Demchenko,A (2640)-Sarana,A (2662) Chess.com Rapid Wk25 Swiss 2022 (7)}) 16. Qxh6 Kh8 17. g4 Qc5 18. Ng3 Bb5 19. Qd2 Nd7 20. h5 Ne5 21. Qh6 1-0

[Event "45th Olympiad 2024"]
[Site "Budapest HUN"]
[Date "2024.09.14"]
[Round "4.2"]
[Board "4"]
[White "Brunello, Sabino"]
[Black "Gledura, Benjamin"]
[Result "1/2-1/2"]
[WhiteElo "2511"]
[BlackElo "2628"]
[PlyCount "67"]
[EventDate "2024.09.11"]
[WhiteTeam "Italy"]
[BlackTeam "Hungary"]
[WhiteTeamCountry "ITA"]
[BlackTeamCountry "HUN"]

1. Nf3 d5 2. d4 Nf6 3. c4 e6 4. Nc3 c6 5. e3 Nbd7 6. Qc2 Bd6 7. b3 O-O 8. Be2 b6 9. O-O Bb7 10. Bb2 Qe7 11. Rad1 Rad8 12. Rfe1 Rfe8 13. Bf1 h6 ({RR} 13... c5 14. cxd5 exd5 15. g3 Rc8 16. Qb1 cxd4 17. Nxd4 Bb4 18. Qa1 Ne5 19. Bg2 Qd7 20. a3 Bc5 21. Nce2 Ne4 22. Nf4 {½-½ So,W (2760)-Giri,A (2776) Tata Steel India blitz 2019 (16)}) 14. e4 Nxe4 $146 ({RR} 14... dxe4 15. Nxe4 Nxe4 16. Rxe4 Nf6 17. Re3 Ba3 18. Ba1 Qc7 19. g3 Be7 20. Rde1 Ng4 21. R3e2 Bb4 22. Rd1 Be7 23. Bg2 c5 24. d5 exd5 25. cxd5 Bxd5 26. Rde1 Qd7 27. h3 Nf6 28. Ne5 Qc8 29. Bxd5 {0-1 Gareyev,T (2590)-Shulman,Y (2632) Chicago op 18th 2009 (5)}) ({RR} 14... dxe4 15. Nxe4 Nxe4 16. Rxe4 Ba3 17. Ba1 Nf6 18. Re3 Qc7 19. h3 Bd6 20. Rde1 Bf4 21. R3e2 Nh7 22. g3 Ng5 23. Nxg5 Bxg5 24. Bg2 Bf6 25. Rd1 Rd7 26. Bc3 Red8 27. Red2 g6 28. h4 h5 29. Rd3 {0-1 Gumularz,S (2591)-Kosakowski,J (2486) chess.com Speed Poland 2024 (1.25)}) ({RR} 14... dxe4 15. Nxe4 Bb4 16. Re3 Nxe4 17. Qxe4 Nf6 18. Qh4 Nh7 19. Qh3 Bd6 20. Bd3 Bf4 21. Ree1 c5 22. d5 Ng5 23. Qg4 Nxf3+ 24. Qxf3 Qg5 25. h4 Qxh4 26. g3 Qg5 27. Qxf4 Qxf4 28. gxf4 exd5 29. Rxe8+ {1-0 Bok,B (2624)-Romanchuk,V (2258) Titled Tuesday intern op 23rd June blitz 2020 (1)}) 15. Nxe4 dxe4 16. Qxe4 Qf8 17. Ne5 Nxe5 18. dxe5 Bb4 19. Bd3 Rxd3 20. Rxd3 Bxe1 21. Qxe1 Rd8 22. Qd1 Rxd3 23. Qxd3 Qe7 24. Qd6 Qxd6 25. exd6 Bc8 26. b4 f6 27. f4 Kf7 28. Kf2 Ba6 29. c5 b5 30. g4 Bc8 31. h4 e5 32. fxe5 Bxg4 33. exf6 gxf6 34. Kg3 1/2-1/2

[Event "45th Olympiad 2024"]
[Site "Budapest HUN"]
[Date "2024.09.14"]
[Round "4.3"]
[Board "1"]
[White "Predke, Alexandr"]
[Black "Gukesh, D."]
[Result "0-1"]
[WhiteElo "2671"]
[BlackElo "2764"]
[PlyCount "170"]
[EventDate "2024.09.11"]
[WhiteTeam "Serbia"]
[BlackTeam "India"]
[WhiteTeamCountry "SRB"]
[BlackTeamCountry "IND"]

1. e4 c6 2. d4 d5 3. exd5 cxd5 4. Bd3 Nc6 5. c3 Qc7 6. h3 Nf6 7. Nf3 g6 8. Na3 a6 9. Nc2 Bf5 10. Bxf5 gxf5 11. O-O e6 ({RR} 11... Rg8 12. Kh1 e6 13. Nd2 Bd6 14. c4 Ne7 15. c5 Bf4 16. Nf3 Ne4 17. Qe2 Nc6 18. Be3 Ke7 19. Nd2 Rg6 20. Nxe4 fxe4 21. Qh5 Rag8 22. Rg1 Bxe3 23. fxe3 Qg3 24. Raf1 R8g7 25. b4 Rg5 26. Qe2 {1-0 Sanchez,R (1966)-Guzman,C (2243) Titled Tuesday intern op 26th Jul Early blitz 2022 (1)}) 12. Nce1 Bd6 13. Nd3 Ne4 14. Bh6 $146 ({RR} 14. Be3 Ne7 15. Nfe5 Ng6 16. Rc1 f4 17. Nxf4 Nxe5 18. dxe5 Bxe5 19. Nd3 Bd6 20. Qf3 Nc5 21. Bxc5 Bxc5 22. c4 d4 23. Nxc5 Qxc5 24. Qxb7 O-O 25. Qe4 Rad8 26. Rfd1 e5 27. Rd3 f5 28. Rg3+ Kh8 {1-0 Delgado Ramirez,N (2610)-De Borba,G (2323) Sao Paulo Carnaval op 2019 (5)}) 14... Rg8 15. Qc1 O-O-O 16. Bf4 f6 17. Bxd6 Rxd6 18. Qf4 Ne7 19. Rac1 Ng6 20. Qh2 Rc6 21. Qxc7+ Kxc7 22. Rfe1 Kd6 23. Kf1 a5 24. g4 fxg4 25. hxg4 a4 26. a3 Ne7 27. g5 fxg5 28. Nfe5 Rcc8 29. f3 Nd2+ 30. Kg2 Nf5 31. Rc2 Nb3 32. Rce2 Rc7 33. Ng4 Re7 34. Rh1 Nh4+ 35. Kg3 h5 36. Nge5 Nf5+ 37. Kf2 Rh7 38. Rg1 Rgg7 39. Ke1 Ke7 40. Reg2 Kf6 41. Ke2 b6 42. Nc6 Nd6 43. Nce5 Na5 44. Rh2 Nac4 45. Rgh1 h4 46. Kf2 Ke7 47. Rg2 Nxe5 48. Nxe5 Nf5 49. Re1 Rh8 50. Kg1 Rf8 51. Rge2 Kd6 52. Kg2 Ng3 53. Re3 Nh5 54. Kh2 Kc7 55. Rb1 Nf6 56. Kh3 Ne8 57. Rg1 Nd6 58. Rg4 b5 59. Re2 Nc4 60. Kg2 Kd6 61. Nd3 Rgf7 62. f4 gxf4 63. Kf3 Rf6 64. Rxh4 Rg8 65. Nxf4 Rg1 66. Rg4 Rf1+ 67. Kg3 e5 68. dxe5+ Nxe5 69. Rg5 Rg1+ 70. Ng2 Nc4 71. Rh5 Kc6 72. Rh2 Kc5 73. Rh5 Kc6 74. Rh8 Rb1 75. Nf4 Rxb2 76. Rc8+ Kb7 77. Ree8 Nd6 78. Rb8+ Kc6 79. Red8 Ra2 80. Ra8 Rxa3 81. Ne2 Kc5 82. Rd7 Ne4+ 83. Kg4 Rc6 84. Kf4 Nxc3 85. Nc1 Kc4 0-1

[Event "45th Olympiad 2024"]
[Site "Budapest HUN"]
[Date "2024.09.14"]
[Round "4.3"]
[Board "2"]
[White "Praggnanandhaa, R."]
[Black "Sarana, Alexey"]
[Result "1/2-1/2"]
[WhiteElo "2750"]
[BlackElo "2713"]
[PlyCount "45"]
[EventDate "2024.09.11"]
[WhiteTeam "India"]
[BlackTeam "Serbia"]
[WhiteTeamCountry "IND"]
[BlackTeamCountry "SRB"]

1. e4 c5 2. Nf3 d6 3. d4 cxd4 4. Nxd4 Nf6 5. Nc3 a6 6. Bg5 Nbd7 7. a4 e6 8. Qf3 $146 ({RR} 8. Be2 Be7 9. O-O O-O 10. Kh1 h6 11. Be3 Nc5 12. f3 e5 13. Nb3 Nxb3 14. cxb3 Be6 15. Bc4 Qd7 16. Qd3 Rac8 17. Rac1 Rc6 18. Rfd1 Kh8 19. a5 Nh7 20. f4 Bxc4 21. bxc4 Qc8 22. Nd5 Re8 {1-0 Miklosi,A (2068)-Vitai,T HUN-chT2 Barcza 0607 2006 (6)}) ({RR} 8. Be2 Be7 9. O-O O-O 10. Qd3 Qc7 11. Qg3 Kh8 12. Rad1 b6 13. Qh4 Bb7 14. f4 Rfe8 15. Rd3 Nf8 16. f5 e5 17. Nb3 h6 18. Bxf6 Bxf6 19. Qh5 Nh7 20. Rfd1 Rad8 21. Qf3 Be7 22. Qf2 Nf6 {0-1 Morozevich,A (2724)-Grischuk,A (2795) Sochi Tal Memorial Blitz 2014 (21)}) ({RR} 8. Be2 Be7 9. h4 Qc7 10. g4 b6 11. Be3 Bb7 12. f3 Ne5 13. g5 Nfd7 14. Rg1 Rc8 15. h5 Nc4 16. Bxc4 Qxc4 17. Nb3 O-O 18. Qd4 Ne5 19. Nd2 Qxd4 20. Bxd4 b5 21. axb5 axb5 22. f4 Nc6 {0-1 Profili,E (2129)-Khripachenko,A (2296) RADNICKICHESS IM Mar 2024 (9.5)}) ({RR} 8. Nb3 Be7 9. Be2 O-O 10. O-O Ne5 11. f4 Ng6 12. Qd2 h6 13. Bxf6 Bxf6 14. Rad1 Qb6+ 15. Kh1 Re8 16. Bd3 Kh8 17. g4 Ne7 18. g5 Bxc3 19. Qxc3 Qc6 20. Qd4 Nf5 21. Qf2 h5 22. Qf3 Ne7 {1-0 Langerak,W-Timmermans,B Brabant-ch U12 2000 (6)}) 8... Qc7 9. Be2 b6 10. O-O Bb7 11. Qg3 Be7 12. Rad1 Nc5 13. f3 O-O 14. Bh6 Ne8 15. Be3 Nf6 16. Nb3 Ncd7 17. Nd2 Rfd8 18. Nc4 Nc5 19. Rd2 Nh5 20. Qh3 Nf6 21. Qg3 Nh5 22. Qh3 Nf6 23. Qg3 1/2-1/2

[Event "45th Olympiad 2024"]
[Site "Budapest HUN"]
[Date "2024.09.14"]
[Round "4.3"]
[Board "3"]
[White "Indjic, Aleksandar"]
[Black "Erigaisi, Arjun"]
[Result "0-1"]
[WhiteElo "2611"]
[BlackElo "2778"]
[PlyCount "80"]
[EventDate "2024.09.11"]
[WhiteTeam "Serbia"]
[BlackTeam "India"]
[WhiteTeamCountry "SRB"]
[BlackTeamCountry "IND"]

1. Nf3 d5 2. g3 Nc6 3. d4 Bf5 4. Bg2 Nb4 5. Na3 e6 6. c3 Nc6 7. Qb3 Rb8 8. Nh4 Be4 9. f3 Bg6 10. Nxg6 hxg6 11. e4 Nf6 $146 ({RR} 11... b5 12. Bf4 b4 13. Qa4 Qd7 14. Nb5 Rb7 15. Nxc7+ Rxc7 16. Bxc7 Qxc7 17. exd5 exd5 18. O-O Qd7 19. Rfe1+ Be7 20. Bf1 Kf8 21. Bb5 Qh3 22. Re2 Nd8 23. Qxa7 g5 24. Rae1 g6 25. Rg2 Qc8 26. Re3 {1-0 Sagit,R (2429)-Hector,J (2487) SWE-ch Eskilstuna 2019 (7)}) 12. Bg5 Be7 13. Bxf6 gxf6 14. exd5 exd5 15. Nc2 Na5 16. Qb5+ c6 17. Qe2 Nc4 18. b3 Nd6 19. O-O Kf8 20. Ne1 Qa5 21. Rc1 Nf5 22. b4 Qc7 23. f4 a5 24. a3 Re8 25. Qd2 Nd6 26. Nc2 f5 27. Rfe1 Kg7 28. Re2 Ra8 29. Ree1 Bf6 30. Re2 axb4 31. axb4 Ra2 32. Ree1 Rha8 33. Ra1 Qb6 34. Reb1 R8a4 35. Qc1 Qa7 36. Rxa2 Rxa2 37. Rb2 Nb5 38. Rb3 Nxc3 39. Rxc3 Bxd4+ 40. Nxd4 Ra1 0-1

[Event "45th Olympiad 2024"]
[Site "Budapest HUN"]
[Date "2024.09.14"]
[Round "4.3"]
[Board "4"]
[White "Vidit, Santosh Gujrathi"]
[Black "Ivic, Velimir"]
[Result "1-0"]
[WhiteElo "2720"]
[BlackElo "2599"]
[PlyCount "163"]
[EventDate "2024.09.11"]
[WhiteTeam "India"]
[BlackTeam "Serbia"]
[WhiteTeamCountry "IND"]
[BlackTeamCountry "SRB"]

1. d4 d5 2. c4 c6 3. Nf3 Nf6 4. Nc3 dxc4 5. a4 e6 6. e3 c5 7. Bxc4 cxd4 8. exd4 Nc6 9. O-O Be7 10. Qe2 O-O 11. Rd1 Nb4 12. a5 ({RR} 12. Ne5 Bd7 13. Be3 Bc6 14. a5 a6 15. Nxc6 bxc6 16. Rdc1 Qc7 17. Na4 Nfd5 18. Bd2 Rfb8 19. Nc5 Bxc5 20. dxc5 Nf4 21. Qe4 Nbd5 22. b3 Ng6 23. Qe2 Qb7 24. Ra4 Rd8 25. g3 Nge7 26. Rb1 Nf5 {½-½ Nakamura,H (2774)-Gashimov,V (2746) Amber-blindfold 20th rapid 2011 (4)}) 12... Bd7 13. Ne5 Be8 ({RR} 13... Rc8 14. Bg5 Nfd5 15. h4 Bc6 16. Nxc6 Nxc6 17. Bxd5 exd5 18. Bxe7 Nxe7 19. a6 Rb8 20. g3 h6 21. Qe5 bxa6 22. Rxa6 Rxb2 23. Rd6 Qc7 24. Nxd5 Nxd5 25. Rxd5 Qc2 26. Rf1 Rb1 27. Rc5 Rxf1+ 28. Kxf1 {½-½ Oparin,G (2671)-Caruana,F (2804) American Cup Champ 2024 (1.3)}) ({RR} 13... Bc6 14. Bf4 Bd5 15. Nxd5 Nfxd5 16. Bg3 a6 17. Bb3 Rc8 18. h3 Nc6 19. Ba4 Nxa5 20. Nd7 Re8 21. Ne5 b5 22. Bc2 g6 23. h4 Nc4 24. h5 Bf6 25. hxg6 hxg6 26. Rxa6 Nb4 27. Bxg6 fxg6 28. Qg4 {1-0 Vidit,S (2726)-Howell,D (2658) MrDodgy Online Inv 2nd blitz 2021 (2.9)}) 14. h4 $146 ({RR} 14. Bf4 a6 15. Qf3 Bc6 16. Nxc6 bxc6 17. Qe2 Nfd5 18. Be5 Nxc3 19. bxc3 Nd5 20. Rd3 Bd6 21. Rg3 Bxe5 22. dxe5 Ne7 23. Bxa6 Ra7 24. h4 Qa8 25. Bd3 Rxa5 26. Re1 Ra1 27. h5 Rxe1+ 28. Qxe1 Qd8 {½-½ Greenfeld,A (2455)-Barkhagen,J (2425) 38th ECC Open 2023 (7.7)}) ({RR} 14. Bb3 Rc8 15. Bg5 Nfd5 16. Nxd5 exd5 17. Bxe7 Qxe7 18. Qf3 Qd8 19. Nd3 Nc2 20. Bxc2 Rxc2 21. Qf4 Bb5 22. b3 Re8 23. Nc5 Qe7 24. h3 g6 25. Rac1 Rxc1 26. Rxc1 Rc8 27. Qd2 b6 28. axb6 axb6 {½-½ Gelfand,B (2751)-Eljanov,P (2761) EU-Cup 26th Plovdiv 2010 (4.1)}) 14... Kh8 15. h5 h6 16. Bf4 Nbd5 17. Bd2 a6 18. Qf3 Rc8 19. Nxd5 Nxd5 20. Rac1 Rc7 21. Bxd5 exd5 22. Rxc7 Qxc7 23. Rc1 Qd6 24. Qf5 Kg8 25. Rc3 Qf6 26. Qxf6 Bxf6 27. Rc7 Bxe5 28. dxe5 Bc6 29. Bc3 f6 30. exf6 gxf6 31. Re7 Rf7 32. Re6 d4 33. Bxd4 Rd7 34. Bc3 Rd5 35. Rxf6 Rxh5 36. f3 Rg5 37. Kh2 Rh5+ 38. Kg3 Rg5+ 39. Kf2 h5 40. Rh6 Kf7 41. Kg1 Rf5 42. Kh2 Rg5 43. Rd6 Rf5 44. Kh3 Rg5 45. Rd2 Rd5 46. Re2 Rd1 47. Kh2 Rd5 48. Re4 Rf5 49. Rd4 Rd5 50. Rf4+ Ke6 51. Rf6+ Ke7 52. Rh6 Kf7 53. Kh3 Rg5 54. g3 Rd5 55. Kh4 Rd1 56. f4 Rh1+ 57. Kg5 Rh3 58. Rh7+ Ke8 59. Be1 Rh1 60. Bb4 Rh3 61. Be1 Rh1 62. Bf2 Rh2 63. Bc5 Rg2 64. Re7+ Kd8 65. Re3 Rxb2 66. Bb6+ Kd7 67. Kxh5 Kd6 68. g4 Rg2 69. f5 Bd5 70. g5 Rh2+ 71. Kg6 Rh8 72. f6 Rg8+ 73. Kf5 Bf7 74. Re7 Bg6+ 75. Kf4 Rc8 76. Rg7 Bb1 77. Bc7+ Kd5 78. Rd7+ Kc6 79. Re7 Bg6 80. Ke5 Rh8 81. f7 Rf8 82. Kf6 1-0

[Event "45th Olympiad 2024"]
[Site "Budapest HUN"]
[Date "2024.09.14"]
[Round "4.4"]
[Board "1"]
[White "Ding, Liren"]
[Black "Martirosyan, Haik M."]
[Result "1/2-1/2"]
[WhiteElo "2736"]
[BlackElo "2667"]
[PlyCount "62"]
[EventDate "2024.09.11"]
[WhiteTeam "China"]
[BlackTeam "Armenia"]
[WhiteTeamCountry "CHN"]
[BlackTeamCountry "ARM"]

1. d4 Nf6 2. c4 e6 3. Nf3 d5 4. Nc3 c5 5. cxd5 cxd4 6. Qxd4 exd5 7. e4 dxe4 8. Qxd8+ Kxd8 9. Ng5 Be6 10. Bb5 a6 11. Ba4 Nbd7 12. O-O Nc5 13. Rd1+ Ke7 14. Bc2 Rc8 15. Be3 h6 16. Bxc5+ Rxc5 17. Ngxe4 Nxe4 $146 ({RR} 17... Rc6 18. Bb3 Nxe4 19. Nxe4 g6 20. Bd5 Rc2 21. Bxb7 Bg7 22. Bd5 Bxb2 23. Bxe6 Kxe6 24. Rab1 Rhc8 25. Re1 f5 26. Nd2+ Kf6 27. Nf3 Rd8 28. Kf1 Rd6 29. Re2 Rxe2 30. Kxe2 Re6+ 31. Kf1 Ba3 32. h3 {½-½ Harikrishna,P (2705)-Vidit,S (2723) Chessable Masters Prelim rapid 2022 (1)}) 18. Bxe4 b5 19. Rac1 f5 20. Bd5 Bxd5 21. Nxd5+ Kf7 22. Nc7 Rxc1 23. Rxc1 Be7 24. Nxa6 Rd8 25. g3 Rd2 26. b4 Rxa2 27. Nc7 Rb2 28. Nxb5 Rxb4 29. Nc3 Rc4 30. Ne2 Re4 31. Nc3 Rc4 1/2-1/2

[Event "45th Olympiad 2024"]
[Site "Budapest HUN"]
[Date "2024.09.14"]
[Round "4.4"]
[Board "2"]
[White "Sargsyan, Shant"]
[Black "Wei, Yi"]
[Result "1/2-1/2"]
[WhiteElo "2649"]
[BlackElo "2762"]
[PlyCount "71"]
[EventDate "2024.09.11"]
[WhiteTeam "Armenia"]
[BlackTeam "China"]
[WhiteTeamCountry "ARM"]
[BlackTeamCountry "CHN"]

1. d4 Nf6 2. c4 e6 3. Nf3 d5 4. g3 Be7 5. Bg2 O-O 6. O-O dxc4 7. Qc2 a6 8. a4 Bd7 9. Qxc4 Bc6 10. Bg5 Nbd7 11. Nc3 h6 12. Bxf6 Nxf6 13. a5 Bd5 14. Qd3 Bxf3 15. Bxf3 c6 16. Qc4 Bd6 17. Rfd1 Qe7 18. e3 Rfd8 ({RR} 18... Rac8 19. Qb3 Rc7 20. h4 h5 21. Ra4 g6 22. Kg2 Rd8 23. Rc4 Rcc8 24. Na4 Rb8 25. Nb6 Bc7 26. Rb4 Bd6 27. Ra4 Bc7 28. Nc4 Ne8 29. Rb4 Nd6 30. Nxd6 Bxd6 {½-½ Daghli,A (2407)-Suyarov,M (2466) TCh-TUR 1st League 2024 (7.43)}) 19. Na4 $146 ({RR} 19. Rac1 g6 20. Na4 Kg7 21. Bg2 h5 22. Rb1 Bb4 23. Nb6 Rab8 24. Ra1 h4 25. e4 hxg3 26. hxg3 Nd7 27. Ra4 Bd6 28. e5 Bxe5 29. Qe2 Nxb6 30. axb6 Bf6 31. Qe3 Rd6 32. Bf3 Rbd8 33. Kg2 Bg5 {0-1 Shevchenko,K (2675)-Lazavik,D (2560) chess.com SpeedChess Q2Sw 2023 (10)}) 19... Rab8 20. Qb3 e5 21. Nc3 exd4 22. exd4 Qc7 23. Qc4 Rd7 24. b4 Rbd8 25. Kg2 Bf8 26. d5 cxd5 27. Qxc7 Rxc7 28. Nxd5 Nxd5 29. Rxd5 Rxd5 30. Bxd5 Bxb4 31. Rb1 Rd7 32. Bf3 Bxa5 33. Bxb7 Rd6 34. Ra1 Bc3 35. Rxa6 Rxa6 36. Bxa6 1/2-1/2

[Event "45th Olympiad 2024"]
[Site "Budapest HUN"]
[Date "2024.09.14"]
[Round "4.4"]
[Board "3"]
[White "Yu, Yangyi"]
[Black "Sargissian, Gabriel"]
[Result "1-0"]
[WhiteElo "2703"]
[BlackElo "2646"]
[PlyCount "103"]
[EventDate "2024.09.11"]
[WhiteTeam "China"]
[BlackTeam "Armenia"]
[WhiteTeamCountry "CHN"]
[BlackTeamCountry "ARM"]

1. c4 e6 2. Nc3 d5 3. d4 Nf6 4. cxd5 exd5 5. Bg5 c6 6. e3 h6 7. Bh4 Be7 8. Bd3 O-O 9. Bg3 Re8 ({RR} 9... Nbd7 10. h3 Re8 11. Nf3 Bb4 12. Qb3 c5 13. O-O Bxc3 14. Qxc3 c4 15. Bc2 a5 16. a4 Qb6 17. b3 Ne4 18. Bxe4 dxe4 19. Nd2 cxb3 20. Rfb1 Qg6 21. Rxb3 Nf6 22. Rb5 Be6 23. Rxa5 Nd5 24. Rxa8 {1-0 Carlsen,M (2862)-Firouzja,A (2749) Skilling op Prelim rapid 2020 (5)}) 10. h3 c5 11. Nge2 $146 ({RR} 11. dxc5 d4 12. exd4 Bxc5+ 13. Nge2 Bxd4 14. O-O Nc6 15. Nxd4 Nxd4 16. Nb5 Nxb5 17. Bxb5 Bd7 18. Bd3 Bc6 19. Bc4 Ne4 20. Bf4 Qf6 21. Be3 Rad8 22. Qg4 Nd2 23. Bxd2 Rxd2 24. b3 b5 25. Rac1 bxc4 {0-1 Sarana,A (2685)-Ter Sahakyan,S (2617) Titled Tue 2nd May Early 2023 (6)}) ({RR} 11. Nf3 Nc6 12. O-O cxd4 13. Nxd4 Nxd4 14. exd4 Bd6 15. Bxd6 Qxd6 16. Rc1 Bd7 17. Qb3 Bc6 18. Bb5 Nh5 19. Bxc6 bxc6 20. Qd1 Nf4 21. Qf3 Qf6 22. Rfd1 Rab8 23. Rc2 Rb4 24. Rcd2 Rb7 25. Kh2 Qd6 {0-1 Bluebaum,M (2647)-Dubov,D (2701) Chess.com Speed KO Lose 2024 (1.1)}) 11... Nc6 12. O-O a6 13. dxc5 Bxc5 14. Bh4 g5 15. Bg3 d4 16. exd4 Nxd4 17. Nxd4 Bxd4 18. Qd2 Bxc3 19. Qxc3 Nd5 20. Qb3 Be6 21. Qxb7 Nf4 22. Bxf4 Qxd3 23. Bg3 Bd5 24. Qb4 Qe4 25. Qxe4 Rxe4 26. Rfd1 Be6 27. Rd2 a5 28. f3 Rc4 29. Be5 Rcc8 30. a4 Rc5 31. Bc3 Kh7 32. Rd6 Kg6 33. Kf2 h5 34. g4 hxg4 35. hxg4 Rd5 36. Rb6 Rc5 37. Re1 Rd5 38. Re4 Kh7 39. Kg3 Kg6 40. Rc4 Rad8 41. Rcc6 Ra8 42. Kf2 Kh7 43. Rc7 Kg6 44. Ke3 Rd1 45. Rc5 Ra1 46. Re5 Kh6 47. Rbb5 Bd7 48. Rbd5 Re8 49. Rxd7 Rxe5+ 50. Bxe5 Re1+ 51. Kd2 Rxe5 52. Rxf7 1-0

[Event "45th Olympiad 2024"]
[Site "Budapest HUN"]
[Date "2024.09.14"]
[Round "4.4"]
[Board "4"]
[White "Grigoryan, Karen H."]
[Black "Bu, Xiangzhi"]
[Result "1/2-1/2"]
[WhiteElo "2569"]
[BlackElo "2693"]
[PlyCount "85"]
[EventDate "2024.09.11"]
[WhiteTeam "Armenia"]
[BlackTeam "China"]
[WhiteTeamCountry "ARM"]
[BlackTeamCountry "CHN"]

1. c4 c6 2. d4 d5 3. Nf3 Nf6 4. Nc3 dxc4 5. a4 Bf5 6. Ne5 e6 7. f3 c5 8. dxc5 Nfd7 9. Nxd7 Nxd7 10. e4 Bg6 11. Be3 Bxc5 12. Bxc5 Nxc5 13. Bxc4 Qxd1+ 14. Nxd1 Ke7 15. Ne3 $146 ({RR} 15. b4 Nd7 16. Ne3 Ne5 17. Kf2 Nxc4 18. Nxc4 Rac8 19. Ne3 Rc3 20. h4 h5 21. Rhd1 Rhc8 22. Rd4 f6 23. Rad1 Be8 24. b5 Ra3 25. R1d2 Rcc3 26. Nd1 Rc5 27. Nb2 Rc7 28. Rb4 Ra2 29. Ke2 a6 {½-½ Antova,G (2246)-Navaratnam,R (2068) Heraklion Tal Memorial 1st 2019 (2)}) 15... Rhd8 16. Ke2 a5 17. Rhb1 f6 18. b4 axb4 19. Rxb4 Be8 20. a5 Rd4 21. Nc2 Rd6 22. Ra2 g6 23. Ke3 Rad8 24. Be2 e5 25. Na3 Rd4 26. Nc4 Bc6 27. Rb6 Nd7 28. Rbb2 Nc5 29. Ra3 Ra8 30. Nb6 Rad8 31. Rc2 Nd7 32. Nxd7 R4xd7 33. a6 Ra8 34. Ra5 Rd6 35. Bb5 Kd8 36. Bxc6 bxc6 37. a7 Kc7 38. Ra1 Rd7 39. g3 Kd6 40. Rd2+ Ke7 41. Rda2 c5 42. f4 exf4+ 43. gxf4 1/2-1/2

[Event "45th Olympiad 2024"]
[Site "Budapest HUN"]
[Date "2024.09.14"]
[Round "4.5"]
[Board "1"]
[White "Le, Quang Liem"]
[Black "Abdusattorov, Nodirbek"]
[Result "1/2-1/2"]
[WhiteElo "2741"]
[BlackElo "2766"]
[PlyCount "125"]
[EventDate "2024.09.11"]
[WhiteTeam "Vietnam"]
[BlackTeam "Uzbekistan"]
[WhiteTeamCountry "VIE"]
[BlackTeamCountry "UZB"]

1. c4 c5 2. Nf3 Nf6 3. Nc3 Nc6 4. d4 cxd4 5. Nxd4 e6 6. a3 d5 7. cxd5 exd5 8. Bg5 Bc5 9. e3 O-O ({RR} 9... Bxd4 10. exd4 O-O 11. Be2 h6 12. Bh4 Qd6 13. Bg3 Qe7 14. O-O Bf5 15. Re1 Qd7 16. Bf3 Rfe8 17. Be5 Ne4 18. Rc1 Nxe5 19. dxe5 Rxe5 20. Nxe4 dxe4 21. Qxd7 Bxd7 22. Rxe4 Rxe4 23. Bxe4 Rc8 24. Rxc8+ {½-½ Navara,D (2737)-Anand,V (2783) Saint Louis Blitz 2017 (17)}) ({RR} 9... Nxd4 10. exd4 Be7 11. Be2 O-O 12. O-O h6 13. Bf4 Qb6 14. Na4 Qe6 15. Re1 Qf5 16. Bg3 Qd7 17. Bd3 Bd6 18. Rc1 Bxg3 19. hxg3 b6 20. Re5 Qd6 21. Nc3 a6 22. Qe2 Ra7 23. Re1 b5 24. Re7 {½-½ Kanishka S (1882)-Donghvani,N (2070) 40th World Junior Girls 2024 (3.21)}) 10. Be2 Nxd4 11. exd4 Bb6 $146 ({RR} 11... Be7 12. O-O Be6 13. Rc1 Ne4 14. Bxe7 Qxe7 {½-½ Meins,G (2490)-Eingorn,V (2567) Bayern-chI Bank Hofmann 15th 2011 (5)}) ({RR} 11... Be7 12. O-O Be6 13. Bf3 Qb6 14. Na4 Qb5 15. Re1 Rac8 16. b4 b6 17. Nb2 h6 18. Bf4 Ne4 19. Be2 Qd7 20. Ba6 Rcd8 21. Nd3 Bf6 22. Ne5 Bxe5 23. Bxe5 Nd6 24. Bxd6 Qxd6 25. Rc1 Bd7 26. Qf3 {½-½ Polishchuk,O (2269)-Golubka,P (2418) Mukachevo Summer op 2013 (6)}) 12. O-O Qd6 13. Bf3 h6 14. Bxf6 Qxf6 15. Nxd5 Qxd4 16. Qe2 Bd8 17. Rfd1 Qa4 18. Rac1 Be6 19. Nc3 Qb3 20. Bd5 Bxd5 21. Nxd5 Bg5 22. Rc3 Qa4 23. Rc4 Qa5 24. h4 Rae8 25. Qd3 Bd8 26. Rb4 Re6 27. g3 Bb6 28. Kg2 Qc5 29. Nxb6 Rxb6 30. Rc4 Qb5 31. b4 a5 32. Qd5 axb4 33. Rxb4 Qxd5+ 34. Rxd5 Ra6 35. a4 Rfa8 36. Rdd4 h5 37. Kf3 Rf6+ 38. Rf4 Rxf4+ 39. Kxf4 Ra5 40. Ke4 Kh7 41. Kd4 b6 42. Kc3 Rc5+ 43. Rc4 Rf5 44. Rf4 Rxf4 45. gxf4 g6 46. Kc4 f6 47. Kd5 Kg7 48. Ke4 Kf7 49. Kd5 Ke7 50. Ke4 Ke8 51. Kd5 Kf7 52. Ke4 Kf8 53. Kd5 Kg7 54. Ke4 Kh6 55. Kf3 g5 56. fxg5+ fxg5 57. hxg5+ Kxg5 58. Kg3 Kf5 59. Kh4 Kg6 60. Kh3 Kf5 61. Kh4 Kg6 62. Kh3 Kf5 63. Kh4 1/2-1/2